000 00642nam a22001937a 4500
003 0
005 20240920130838.0
008 240920b xxu||||| |||| 00| 0 eng d
020 _a978-1-4737-6717-1
050 _aBF 636
_b.W66 2020
100 _aWoods, Stephen A.
245 _aThe psychology of work and organizations
_cStephen A. Woods and Michael A. West
250 _aThird edition
260 _aNew Hampshire, United Kingdom
_bCengage
_c2020
300 _avx, 522 pages :
_bcolored illustrations and pictures ;
_c25cm.
504 _aIncludes bibliographical references and index.
650 _aPsychology.
942 _2lcc
_cBK
999 _c366277
_d366277